000 00329nam a2200121Ia 4500
008 220216s9999 xx 000 0 und d
100 _aBhatta Ramachandra
245 0 _aImpact of globalisation on the marine exports of India
260 _bForeign Trade Review
_c2003
300 _a31-Mar
650 _aGlobalisation
942 _cJS
999 _c60741
_d60741